| 000 | 01562nam a2200313Ia 4500 | ||
|---|---|---|---|
| 999 |
_c41436 _d41436 |
||
| 001 | 8100 | ||
| 003 | GE_BSU | ||
| 005 | 20200120111519.0 | ||
| 008 | 181216s2013||||ge |||||||||||||| ||geo|| | ||
| 020 | _a9789941434525 | ||
| 040 | _cGE_BSU | ||
| 041 | _ageo | ||
| 080 | _a532(075.8)+627.1(075.8) ს–48 | ||
| 100 |
_a _96234 |
||
| 245 |
_aსითხისა და აირის გამოყენებითი მექანიკა : _bსახელმძღვ. / _c გიზო ფარცხალაძე, გოჩა ჩავლეშვილი, ნინო დონდოლაძე [და სხვ.] ; რედ. დავით თავხელიძე. |
||
| 264 |
_aბათუმი : _bბათუმის შოთა რუსთაველის სახ.უნ–ტი, _c2013. |
||
| 300 |
_a246 გვ.; _b20 სმ. |
||
| 504 | _aბიბლიოგრ.: გვ. 240-241. | ||
| 541 | _h5ლ.39თ. | ||
| 653 | _aსითხის და აირის ჰიდრომექანიკა | ||
| 700 |
_aფარცხალაძე, გ. _eავტორი _92253 |
||
| 700 |
_a ჩავლეშვილი, გ. _eავტორი _96235 |
||
| 700 |
_a დონდოლაძე, ნ. _eავტორი _96236 |
||
| 700 |
_aლორია, მ. _eავტორი _96237 |
||
| 700 |
_a სტურუა, მ. _eავტორი _96238 |
||
| 700 |
_aთავხელიძე, დ. _eრედაქტორი _9914 |
||
| 710 |
_a ბსუ _96239 |
||
| 942 |
_cBK _2udc |
||